| 000 | 00783nam a22002412 4500 | ||
|---|---|---|---|
| 001 | 0000001040 | ||
| 005 | 20151217151804.0 | ||
| 008 | 070223s xx 000 0 eng d | ||
| 020 |
_a0840795610 : _cKES 550 |
||
| 040 |
_aKABU _cKABU |
||
| 050 | 0 |
_aBV4501.2 _b.O78 1988 |
|
| 100 | 1 |
_aOrtlund, Anne. _@0000149543 |
|
| 245 | 1 | 0 |
_aYou don't have to quit / _cAnne & Ray Ortlund. |
| 260 |
_aNashville, Tennessee : _bOliver-Nelson Books, _cc1988. |
||
| 300 |
_a191 p. : _bill. ; _c21 cm. |
||
| 500 | _aRev. ed. of: Staying power. c1986. | ||
| 650 | 0 |
_aChristian life. _@0000149167 |
|
| 650 | 0 |
_aSuccess _xReligious aspects _xChristianity. _@0000149264 |
|
| 700 | 1 |
_aOrtlund, Raymond C. _@0000149544 |
|
| 908 | _a070223 | ||
| 950 | _@1 | ||
| 999 |
_c5040 _d5040 |
||